01479nam a2200409 i 450000100060000000300090000600500170001500800390003201500160007103500210008704000280010804100130013608000110014908000100016010000440017024501040021424600540031826000330037230000280040533600270043333700540046033800280051438000170054238000270055938500390058638800140062552101150063965800240075465800280077865500170080665000240082365000200084770000260086770000460089371000320093985600980097111372KOSZ 00520191029121713.0080303s1963 pl a f f |000 0 pol aPB 1964/222 a(OCoLC)751216845 aWA NcWA NdKOSZ 005/HR1 apolheng a624.07 a539.31 aTimoshenko, Stephend(1878-1972)eAutor10aTeoria stateczności sprężystej /cStephen P. Timoshenko, James M. Gere ; z tł. Artur Kacner.1 iTytuł oryginału :aTheory of elastic stability. aWarszawa :b"Arkady",c1963. a484 s. :bil. ;c23 cm. 2rdacontentaTekstbtxt 2rdamediaaBez urządzenia pośredniczącegobn 2rdacarrieraWoluminbnc aKsiążki. aPublikacje dydaktyczne mPoziom nauczaniaaSzkoły wyższe a1901-20008 aDla inżynierów konstruktorów i pracowników naukowych oraz studentów wyższych uczelni technicznych. aFizyka i astronomia aInżynieria i technika 4aPodręcznik 4aSprężystość 4aStateczność1 aGere, James M.eAutor1 aKacner, Arturd(1912-1964).eTłumaczenie2 aWydawnictwo "Arkady".4pbl. uhttp://koha.tu.koszalin.pl/cgi-bin/koha/opac-detail.pl?biblionumber=11372yKatalog online BPK